Sứ mệnh của tiểu thuyết trong thời đại cáo chung của văn học /
Đã lưu trong:
| Tác giả chính: | |
|---|---|
| Định dạng: | Bài viết |
| Ngôn ngữ: | Vietnamese |
| Những chủ đề: | |
| Các nhãn: |
Thêm thẻ
Không có thẻ, Là người đầu tiên thẻ bản ghi này!
|
| Thư viện lưu trữ: | Thư viện Trường Đại học Đà Lạt |
|---|
| LEADER | 00768nam a2200265 4500 | ||
|---|---|---|---|
| 001 | DLU060055897 | ||
| 040 | # | # | |a DLU |b vie |
| 041 | # | # | |a vie |
| 044 | # | # | |a vn |
| 100 | # | # | |a Sherlaimova,Svetlana. |
| 245 | # | # | |a Sứ mệnh của tiểu thuyết trong thời đại cáo chung của văn học / |c Svetlana Sherlaimova. |
| 653 | # | # | |a Châu Âu |
| 653 | # | # | |a Tiểu thuyết |
| 653 | # | # | |a Văn học |
| 773 | # | # | |t Nghiên cứu văn học |g Số 6, 2005, tr. 85-98 |
| 920 | # | # | |a Phòng Tạp chí -- Trung tâm Thông tin - Thư viện Trường Đại học Đà Lạt |
| 933 | # | # | |a VH |
| 994 | # | # | |a DLU |
| 900 | # | # | |a True |
| 911 | # | # | |a Nguyễn Thị Minh Cầm |
| 925 | # | # | |a G |
| 926 | # | # | |a A |
| 927 | # | # | |a BB |
| 980 | # | # | |a Thư viện Trường Đại học Đà Lạt |